| 000 | 01991nam a2200529 i 4500 | ||
|---|---|---|---|
| 001 | 35642 | ||
| 003 | KOSZ 005 | ||
| 005 | 20240405063111.0 | ||
| 008 | 231004s1994 pl a g 000 0 pol | ||
| 015 | _aUWD 2002/16189 | ||
| 020 | _a8385636064 | ||
| 035 | _a991018492359705066 | ||
| 035 | _a(PL-WaBN)b15012244-48omnis_nlop | ||
| 035 | _ab15012244 | ||
| 035 | _a(OCoLC)749298815 | ||
| 035 | _a(PL)b0000001501224 | ||
| 035 | _a(EXLNZ-48OMNIS_NETWORK)9910395277005606 | ||
| 040 |
_aWA N _cWA N _dKOSZ 005/RW |
||
| 045 | _bd1944 | ||
| 046 | _k1994 | ||
| 080 | _a94(438).082.218 | ||
| 080 | _a929-051(438) | ||
| 100 | 1 |
_aPiotrowski, Jan _d(1907-1984) _eAutor |
|
| 245 | 1 | 0 |
_aJak zdobyć Kościół św. Krzyża i Komendę Policji? : _bwspomnienia dowódcy kompanii "Lewar" - Powstanie Warszawskie 1944, w kwartale ulic: Mazowiecka-Traugutta-Krakowskie Przedmieście-Świętokrzyska / _cJan Piotrowski ; redakcja i opracowanie Jacek Bąk. |
| 260 |
_aWarszawa : _bMediart, _c1994. |
||
| 300 |
_a[2], 364, [4] strony, [28] stron tablic : _bilustracje ; _c24 cm. |
||
| 336 |
_aTekst _btxt _2rdacontent |
||
| 337 |
_aBez urządzenia pośredniczącego _bn _2rdamedia |
||
| 338 |
_aWolumin _bnc _2rdacarrier |
||
| 380 | _aKsiążki | ||
| 380 | _aLiteratura faktu, eseje, publicystyka | ||
| 388 | 1 | _a1901-2000 | |
| 388 | 1 | _a1989-2000 | |
| 600 | 1 | 7 |
_aPiotrowski, Jan _d(1907-1984) _2DBN |
| 610 | 2 | 7 |
_aArmia Krajowa. _bKompania "Lewar" _2DBN |
| 648 | 7 |
_a1901-2000 _2DBN |
|
| 648 | 7 |
_a1939-1945 _2DBN |
|
| 650 | 7 |
_aPowstanie warszawskie (1944) _2DBN |
|
| 651 | 7 |
_aWarszawa (woj. mazowieckie) _2DBN |
|
| 655 | 7 |
_aPamiętniki polskie _2DBN |
|
| 658 | _aBezpieczeństwo i wojskowość | ||
| 658 | _aHistoria | ||
| 700 | 1 |
_aBąk, Jacek _d(1969- ) _eOpracowanie |
|
| 856 |
_uhttp://koha.tu.koszalin.pl/cgi-bin/koha/opac-detail.pl?biblionumber=35642 _yKatalog online BPK |
||
| 942 |
_2UKD _cKS |
||
| 999 |
_c35642 _d35642 |
||